Strategic partnerships key to unlocking neighbourhood fund (Record no. 65105)
[ view plain ]
| 000 -LEADER | |
|---|---|
| fixed length control field | 01532cam a2200241 4500 |
| 001 - CONTROL NUMBER | |
| control field | ABS63080 |
| 008 - FIXED-LENGTH DATA ELEMENTS--GENERAL INFORMATION | |
| fixed length control field | 000000n2000 000 0 eng u |
| 035 ## - SYSTEM CONTROL NUMBER | |
| System control number | (Sirsi) u109009 |
| 100 ## - MAIN ENTRY--PERSONAL NAME | |
| Personal name | Kochan, B. |
| 245 ## - TITLE STATEMENT | |
| Title | Strategic partnerships key to unlocking neighbourhood fund |
| 260 ## - PUBLICATION, DISTRIBUTION, ETC. | |
| Date of publication, distribution, etc. | 2000 |
| 490 ## - SERIES STATEMENT | |
| Series statement | Urban Environment Today |
| Volume/sequential designation | (107) 19 October 2000, 11(1) |
| 520 ## - SUMMARY, ETC. | |
| Summary, etc. | Looks at the Neighbourhood Renewal Fund. This aims to provide extra money for local authorities in the most deprived areas to spend on services which deliver real improvements for the community, such as crime prevention programmes. Provides a listing of those LAs due to receive funding, with indicative allocations for 2001/2002, along with regional allocations. Under recently published draft regulations, the 88 LAs due to receive additional allocations from the Fund will be required to set up Local Strategic Partnerships involving key local agencies. Funds are not guaranteed to authorities unless these partnerships are in place. Discusses the new DETR guidance for setting up partnerships and accessing the fund. Copies of "Local Strategic Partnerships: Consultation Document" and "The Neighbourhood Renewal Fund: Consultation Document" are available on the DETR's website: www.detr.gov.uk |
| 590 ## - LOCAL NOTE (RLIN) | |
| Local note | ABS |
| 650 ## - SUBJECT ADDED ENTRY--TOPICAL TERM | |
| Topical term or geographic name entry element | NEIGHBOURHOOD RENEWAL FUND |
| 650 ## - SUBJECT ADDED ENTRY--TOPICAL TERM | |
| Topical term or geographic name entry element | STRATEGIC PARTNERING |
| 650 ## - SUBJECT ADDED ENTRY--TOPICAL TERM | |
| Topical term or geographic name entry element | POVERTY |
| 650 ## - SUBJECT ADDED ENTRY--TOPICAL TERM | |
| Topical term or geographic name entry element | DEPRIVATION |
| 650 ## - SUBJECT ADDED ENTRY--TOPICAL TERM | |
| Topical term or geographic name entry element | FUNDING |
| 650 ## - SUBJECT ADDED ENTRY--TOPICAL TERM | |
| Topical term or geographic name entry element | LOCAL AUTHORITIES |
| 690 ## - LOCAL SUBJECT ADDED ENTRY--TOPICAL TERM (OCLC, RLIN) | |
| Topical term or geographic name as entry element | REGENERATION |
| 942 ## - ADDED ENTRY ELEMENTS (KOHA) | |
| Suppress in OPAC | 0 |
| Withdrawn status | Lost status | Source of classification or shelving scheme | Damaged status | Not for loan | Home library | Current library | Shelving location | Date acquired | Total Checkouts | Full call number | Barcode | Date last seen | Copy number | Price effective from | Koha item type |
|---|---|---|---|---|---|---|---|---|---|---|---|---|---|---|---|
| Dewey Decimal Classification | London | London | Journal article | 27/10/2000 | ABS63080 | 109009-1001 | 06/08/2019 | 1 | 06/08/2019 | Journal article |